| 000 | 00566nam a2200229 a 4500 | ||
|---|---|---|---|
| 999 |
_c4510 _d4510 |
||
| 001 | 4510 | ||
| 003 | BD-JhCC | ||
| 005 | 20171128182634.0 | ||
| 008 | 171127s19621965e a|||| || | 000 0 eng d | ||
| 035 | _a(BD-JhCC)4510 | ||
| 040 |
_aBD-JhCC _dBD-JhCC |
||
| 041 | _aeng | ||
| 082 |
_a526.8 _bMOO 1965 |
||
| 100 | _aMoore, Patrick | ||
| 245 |
_aExploring Maps / _c Patrick Moore & Henry Brinton |
||
| 260 |
_aLondon : _bOdhams Books Ltd, _c1965. |
||
| 300 |
_a80 p. : _c20 cm. |
||
| 650 | _aMaps | ||
| 700 | _aBrinton, Henry | ||
| 942 |
_2ddc _cBK |
||